| 000 | 00816nam a22002057a 4500 | ||
|---|---|---|---|
| 999 |
_c6727 _d6727 |
||
| 003 | AR-CdUCM | ||
| 008 | 190319b ||||| |||| 00| 0 spa d | ||
| 040 |
_aMUNICIPALIDAD PROVINCIAL DEL CUSCO _cBIBLIOTECA MUNICIPAL DEL CUSCO |
||
| 082 |
_22ed. _a070.11 / _bSU85 |
||
| 100 |
_aSuarée, Octavio de la _918936 |
||
| 245 |
_aMoralética del periodismo : _buna indagación sistemática de la conciencia profesional / |
||
| 260 |
_aHabana : _bCultural, |
||
| 300 |
_a312 páginas ; _bretrato, _c21 cm. |
||
| 505 | _aContenido: Ética su territorio dentro de la cultura -- Temática de la ética -- La profesión como grupo social -- La ética periodística ... | ||
| 650 |
_aPeriodismo _91929 |
||
| 650 |
_aÉtica profesional _98138 |
||
| 650 |
_aExpansión internacional _918937 |
||
| 942 |
_2ddc _cLIBROS |
||
| 945 | _aachl | ||